| 000 | 01502nam0a22003371 4500 | ||
|---|---|---|---|
| 001 | rc\4359680 | ||
| 005 | 20220721162715.0 | ||
| 021 |
_aRU _b[58-49658] |
||
| 035 | _a(NLR Aleph) 008534319 | ||
| 090 |
_a8307401 _c8307401 |
||
| 100 | _a20130416d1958 |||y0rusy50 ca | ||
| 101 | 0 | _arus | |
| 102 | _aRU | ||
| 105 | _aa z ||||| | ||
| 200 | 1 |
_aЗерносушение и зерносушилки _eУчеб. пособие для вузов пищевой пром-сти _fПод ред. проф. д-ра техн. наук А.С. Гинзбурга |
|
| 205 | _a3-е изд., перераб. и доп. | ||
| 210 |
_aМосква _cХлебоиздат _d1958 |
||
| 215 |
_a323 с.,1 л. диагр. _cил. _d23 |
||
| 300 | _aПеред загл. авт.: А.П. Гержой, канд. техн. наук, В.Ф. Самочетов, инж. | ||
| 320 | _aБиблиогр.: с. 302-308 (197 назв.) | ||
| 606 |
_aЗерносушилки _jУчебники и пособия _2psbo |
||
| 606 |
_aЗерно _xСушка _jУчебники и пособия _2psbo |
||
| 700 | 1 |
_aГержой _bА. П. _gАркадий Петрович |
|
| 701 | 1 |
_aСамочетов _bВ. Ф. _gВиктор Федорович |
|
| 702 | 1 |
_aГинзбург _bА. С. _cд-р техн. наук _f1911-1996 _gАбрам Соломонович _3RU\NLR\AUTH\770244622 _4340 |
|
| 801 | 0 |
_aRU _bNLR _gpsbo |
|
| 801 | 1 |
_aRU _bELAR _2rusmarc |
|
| 852 |
_aNLR _j58-5/3506 |
||
| 942 | _cBOOK | ||
| 980 | _aNB | ||